| 000 | 01656cam a2200397 a 4500 | ||
|---|---|---|---|
| 001 | 15981868 | ||
| 003 | OSt | ||
| 005 | 20150408113919.0 | ||
| 008 | 091112s2009 enka b 001 0 eng d | ||
| 010 | _a 2009517525 | ||
| 015 |
_aGBA919436 _2bnb |
||
| 016 | 7 |
_a014915082 _2Uk |
|
| 020 | _a9780230579170 | ||
| 020 | _a0230579175 | ||
| 020 | _a9780230579187 (pbk.) | ||
| 020 | _a0230579183 (pbk.) | ||
| 035 | _a(OCoLC)ocn432587682 | ||
| 040 |
_aBWK _cBWK _dUAT _dUKM _dDLC |
||
| 042 | _alccopycat | ||
| 050 | 0 | 0 |
_aP40 _b.M34 2009 |
| 082 |
_221 _a306.44072 _bMRQ |
||
| 100 | 1 |
_aMacaulay, Ronald K. S. _94096 |
|
| 245 | 1 | 0 |
_aQuantitative methods in sociolinguistics / _cRonald K.S. Macaulay. |
| 260 |
_aHoundmills, Basingstoke : _aNew York : _bPalgrave Macmillan, _cc2009. |
||
| 300 |
_axii, 138 p. : _bill. ; _c22 cm. |
||
| 504 | _aIncludes bibliographical references (p. 115-130) and indexes. | ||
| 505 | 0 | _aSocial catagories -- The nature of data -- Collecting data -- Tabulating the results -- Methods of analysis -- Some individual studies -- An example of discourse variation. | |
| 650 | 0 |
_aSociolinguistics _xResearch. _94291 |
|
| 650 | 0 |
_aQuantitative research. _94292 |
|
| 856 | 4 | 2 |
_3Contributor biographical information _uhttp://www.loc.gov/catdir/enhancements/fy1003/2009517525-b.html |
| 856 | 4 | 2 |
_3Publisher description _uhttp://www.loc.gov/catdir/enhancements/fy1003/2009517525-d.html |
| 856 | 4 | 1 |
_3Table of contents only _uhttp://www.loc.gov/catdir/enhancements/fy1003/2009517525-t.html |
| 906 |
_a7 _bcbc _ccopycat _d2 _encip _f20 _gy-gencatlg |
||
| 942 |
_2ddc _cDVD |
||
| 999 |
_c14353 _d248853 |
||